<?xml version="1.0" encoding="UTF-8"?>
<marc:record xmlns:marc="http://www.loc.gov/MARC21/slim">
   <marc:leader>00000nam a2200000 a 4500</marc:leader>
   <marc:datafield ind1="1" ind2=" " tag="100">
      <marc:subfield code="a">Kessler-Kakoulidis, Lucia</marc:subfield>
      <marc:subfield code="4">aut</marc:subfield>
      <marc:subfield code="e">Verfasser/-in</marc:subfield>
   </marc:datafield>
   <marc:datafield ind1=" " ind2=" " tag="653">
      <marc:subfield code="a">Autismus</marc:subfield>
   </marc:datafield>
   <marc:datafield ind1=" " ind2=" " tag="653">
      <marc:subfield code="a">Rhythmische Erziehung</marc:subfield>
   </marc:datafield>
   <marc:datafield ind1=" " ind2=" " tag="653">
      <marc:subfield code="a">Musikerziehung</marc:subfield>
   </marc:datafield>
   <marc:datafield ind1=" " ind2=" " tag="653">
      <marc:subfield code="a">Musikpädagogik</marc:subfield>
   </marc:datafield>
   <marc:datafield ind1=" " ind2=" " tag="653">
      <marc:subfield code="a">Musiktherapie</marc:subfield>
   </marc:datafield>
   <marc:datafield ind1=" " ind2=" " tag="653">
      <marc:subfield code="a">Psychologie</marc:subfield>
   </marc:datafield>
   <marc:datafield ind1=" " ind2=" " tag="653">
      <marc:subfield code="a">Rhythmik</marc:subfield>
   </marc:datafield>
   <marc:datafield ind1=" " ind2=" " tag="653">
      <marc:subfield code="a">Softcover / Pädagogik</marc:subfield>
   </marc:datafield>
   <marc:datafield ind1="0" ind2="0" tag="245">
      <marc:subfield code="a">Rhythmik und Autismus</marc:subfield>
   </marc:datafield>
   <marc:datafield ind1="0" ind2="0" tag="245">
      <marc:subfield code="b">der integrative Ansatz Amélie Hoellerings in Theorie und Praxis</marc:subfield>
   </marc:datafield>
   <marc:datafield ind1="0" ind2="0" tag="245">
      <marc:subfield code="c">Lucia Kessler-Kakoulidis</marc:subfield>
   </marc:datafield>
   <marc:datafield ind1=" " ind2="1" tag="264">
      <marc:subfield code="a">Gießen</marc:subfield>
      <marc:subfield code="b">Psychosozial-Verlag</marc:subfield>
   </marc:datafield>
   <marc:datafield ind1="1" ind2=" " tag="490">
      <marc:subfield code="a">Therapie &amp; Beratung</marc:subfield>
   </marc:datafield>
   <marc:datafield ind1=" " ind2=" " tag="250">
      <marc:subfield code="a">Originalausgabe</marc:subfield>
   </marc:datafield>
   <marc:datafield ind1="1" ind2=" " tag="520">
      <marc:subfield code="a">Angaben aus der Verlagsmeldung

Rhythmik und Autismus : Der integrative Ansatz Amélie Hoellerings in Theorie und Praxis / von Lucia Kessler-Kakoulidis

Die rhythmisch-musikalische Erziehung stellt aufgrund ihrer pädagogischen und therapeutischen Verfahrensweise eine erfolgreiche Intervention bei Menschen mit Autismus dar. Im Fokus stehen dabei sowohl die Unterstützung der Entwicklung sozial-kommunikativer und sprachlich-emotionaler Kompetenzen als auch die erfolgreiche Inklusion in das pädagogische und soziale Umfeld. Die Medien Musik und Bewegung, mit denen die Rhythmik arbeitet, erleichtern und unterstützen in ihrer Intermediärfunktion den Kommunikations- und Interaktionsprozess autistischer Menschen innerhalb einer Gruppe und tragen so zu einem positiven Erleben von Gemeinschaft bei.

Kessler-Kakoulidis vermittelt einen theoretischen Einblick in die musikpädagogische Konzeption von Émile Jaques-Dalcroze und führt explizit in den ganzheitspsychologischen Ansatz von Amélie Hoellering ein. In zahlreichen Fallbeispielen wird die praktische Anwendung der Medien Musik, Bewegung, Sprache, Spiel und Improvisation in Kombination mit therapeutischen Konzepten wie 'Safe Place' und 'therapeutische Haltung' nach Carl Rogers transparent gemacht. Die Autorin erläutert, inwiefern eine kooperative konstruktive Haltung und eine positive Einstellung seitens der PädagogInnen/TherapeutInnen eine erfolgreiche Inklusion von Kindern und Erwachsenen mit ASS fördern kann.
</marc:subfield>
   </marc:datafield>
   <marc:datafield ind1=" " ind2=" " tag="020">
      <marc:subfield code="a">9783837925715</marc:subfield>
      <marc:subfield code="9">9783837925715</marc:subfield>
   </marc:datafield>
   <marc:datafield ind1=" " ind2=" " tag="020">
      <marc:subfield code="a">3837925714</marc:subfield>
      <marc:subfield code="9">3837925714</marc:subfield>
   </marc:datafield>
   <marc:datafield ind1=" " ind2=" " tag="041">
      <marc:subfield code="a">ger</marc:subfield>
   </marc:datafield>
   <marc:datafield ind1=" " ind2=" " tag="300">
      <marc:subfield code="a">319 Seiten</marc:subfield>
   </marc:datafield>
</marc:record>
